01323nam a2200241Ia 4500001001100000003001000011008004100021040002500062041001300087100003200100245002300132250001100155260006700166300002700233500022800260501011400488520022800602650003400830942000700864957000600871999004200877952016200919L240-11825IT-CnALBA170116s9999||||xx |||||||||||||| ||und|| aIT-CnALBAcIT-CnALBA aITALIANO aLECLERCQ JACQUES, CANONICO. 0aRITORNO A GESÙ.  a2a ed. aCINISELLO BALSAMO (MI)bEDIZIONI PAOLINEc1957 [1° Ed.: n.d.] a257 p. (prefazione: 7) aCATHOLICA. TRADUZIONE DAL FRANCESE DI C. AMEDEI. CRISTIANESIMO. RELIGIONE. PROBLEMA DI DIO. VISIONE CRISTIANA DELL'UOMO E DEL MONDO. PERFEZIONI. VIRTÙ TEOLOGALI. CONTEMPLAZIONE. AZIONE. SOFFERENZA ABBANDONO SEMPLICITÀ.  aSocietà San Paolo EM - Piazza San Paolo, 14 - 12051 ALBA (CN) (non commercial uses only) ® Copyright 2017 aCATHOLICA. TRADUZIONE DAL FRANCESE DI C. AMEDEI. CRISTIANESIMO. RELIGIONE. PROBLEMA DI DIO. VISIONE CRISTIANA DELL'UOMO E DEL MONDO. PERFEZIONI. VIRTÙ TEOLOGALI. CONTEMPLAZIONE. AZIONE. SOFFERENZA ABBANDONO SEMPLICITÀ.  aTEOLOGIA SPIRITUALE CRISTIANA cBK 71 a16578bNOg Copie: 1 c271002d271002 0010406L_2401182571aALBAbALBAd2017-01-16l0oL240-11825r2017-01-16 00:00:00w2017-01-16yBKz(data import: 16 gennaio 2017) - By Epidotti, Vaglietti.